Statistics for Countries Bigger Than Their Neighbors

Click here to take the quiz!

General Stats

  • This quiz has been taken 77,400 times
  • The average score is 10 of 14

Answer Stats

Country% Correct
Russia
99%
Canada
96%
Brazil
95%
South Africa
79%
Algeria
78%
D.R. Congo
78%
United Kingdom
77%
Indonesia
74%
Saudi Arabia
74%
Iran
66%
Sweden
63%
Sudan
62%
Dominican Republic
53%
Nicaragua
38%

Score Distribution

Percentile by Number Answered

Percent of People with Each Score

Your Score History

You have not taken this quiz